The Washington monthly

Detalles Bibliográficos
Formato: Desconocido
Lenguaje:inglés
Publicado: [Washington,] : [Washington Monthly Co.]
Materias:
Acceso en línea:Acceso restringido

MARC

LEADER 00000ny a22000003n 4500
003 EbpS
005 20110511103516.0
006 m d ||||||
007 cr anunnnuuuaa
008 750907c19699999dcumn1p 0 a0eng d
022 |a 0043-0633 
035 |a 2842 
040 |d vLex 
050 0 0 |a E838  |b .W37 
050 0 0 |a E838  |b .W37 
090 |c 1612  |d 1612 
245 3 4 |a The Washington monthly  |h [Recurso electrn̤ico] 
256 |a Servicio en ln̕ea 
260 |a [Washington,] :  |b [Washington Monthly Co.] 
310 |a Mensual 
506 1 |a Contenido solo disponible en los productos indicados  |d vLex Global  |d vLex Global (Academic Edition, excluding Law Schools)  |d vLex Global (Academic Edition, Law Schools) 
650 0 4 |a Estados Unidos  |x Polt̕ica y gobierno  |x Siglo 20  |x Publicaciones perid̤icas 
740 0 |a vLex Revista (Servicios en ln̕ea) 
843 |a Electrn̤ica. Abierta 
853 |8 1  |i (year)  |j (month)  |k (day) 
856 4 0 |z Acceso restringido  |u http://vlex.com/account/login_ip?fuente_id=2842  
942 |c REV 
999 0 |a United States  |y 20th century  |v Periodicals